| 000 | 00465nam a2200169Ia 4500 | ||
|---|---|---|---|
| 001 | 60644 | ||
| 008 | 141120s9999 xx 000 0 und d | ||
| 020 | _a190291628X | ||
| 040 | _cPK-LaUMT | ||
| 082 |
_a 621.042 _bSIM-B |
||
| 100 | _aSims, Ralph E. H. | ||
| 245 |
_aTh Brilliance of bioenergy in business and in practice _cSims, Ralph E. H. |
||
| 260 |
_aLondon,UK: _bJames & James (science publishers), _c2005 |
||
| 300 | _a316 p. | ||
| 546 | _aEN | ||
| 942 | _cBK | ||
| 999 |
_c61111 _d61111 |
||